Países que fazem fronteira com: França#11 - Statistics

Estatísticas Gerais
  • Esse quiz foi jogado 177 vezes
    166 desde o último reset
  • A pontuação média é 7 de 8
Estatísticas das Respostas
País % Correto
Espanha
99%
Alemanha
94%
Bélgica
94%
Itália
94%
Suíça
94%
Luxemburgo
89%
Andorra
84%
Mônaco
81%
Nenhum quiz correspondente encontrado
Distribuição das Pontuações
Porcentagem de Pessoas com Cada Pontuação
Percentil de Números Respondidos
Sua Pontuação Histórica
Você não jogou esse quiz desde o último reset